000 00905 a2200229 4500
001 63254
005 20260407155928.0
008 260407a1965 arg spa d
003 AR-UNSa-BCEJYS
040 _aAR-UNSa-BCEJYS
_bspa
_cAR-UNSa-BCEJYS
080 _a512
_xAlgebra
245 1 0 _aLecciones de álgebra moderna
264 1 _aBarcelona :
_bReverté
_c1965
300 _a434 p.
_c22 cm.
505 _a1. Leyes de composición - 2. Semigrupos. Grupos – 3. Generación de grupos – 4. Anillos y cuerpos – 5. Conjuntos ordenados. Retículos – 6. Axioma de Zorn – 7. Anillos noetherianos – 8. Complementos de la teoría de los grupos – 9. Espacios vectoriales – 10. Cuerpos. Ecuaciones algebraicas –
041 _aspa
942 _cBK
590 _aniveau_biblio:m niveau_hierar:0
100 1 _aDubreil, P.
700 1 _aDubriel-Jacotin, M.L.
700 1 _aRodriguez Vidal, Rafael
999 _c8070
_d8070